|
|
|
|
| LEADER |
00991nam a2200289 a 4500 |
| 001 |
2724 |
| 003 |
BD-DhAAL |
| 005 |
20150312114348.0 |
| 008 |
150312s1986 enka 001 0 eng |
| 010 |
|
|
|a 85029881
|
| 020 |
|
|
|a 0070849242 (pbk.) :
|c £9.95
|
| 040 |
|
|
|a DLC
|c DLC
|d DLC
|d BD-DhAAL
|
| 050 |
0 |
0 |
|a HD31
|b .P36 1986
|
| 082 |
0 |
0 |
|a 658.4/09
|2 19
|
| 100 |
1 |
|
|a Pedler, Mike
|q (Mike John),
|d 1944-
|9 9487
|
| 245 |
1 |
2 |
|a A manager's guide to self-development /
|c Mike Pedler, John Burgoyne, Tom Boydell.
|
| 250 |
|
|
|a 2nd ed.
|
| 260 |
|
|
|a London ;
|a New York :
|b McGraw-Hill,
|c c1986.
|
| 300 |
|
|
|a vi, 236 p. :
|b ill. ;
|c 25 cm.
|
| 500 |
|
|
|a Includes index.
|
| 541 |
|
|
|e 2724
|
| 650 |
|
0 |
|a Management.
|9 9488
|
| 700 |
1 |
|
|a Burgoyne, John
|q (John G.)
|9 9489
|
| 700 |
1 |
|
|a Boydell, Tom.
|9 9490
|
| 942 |
|
|
|2 ddc
|c BK
|
| 999 |
|
|
|c 33998
|d 33998
|
| 952 |
|
|
|0 0
|1 0
|2 ddc
|4 0
|6 658_409000000000000_PED
|7 0
|9 53058
|a SCL
|b SCL
|c GEN
|d 2015-03-12
|l 1
|m 2
|o 658.409 PED
|p 3020002724
|r 2026-04-21
|s 2026-04-07
|t 1
|w 2015-03-12
|y BK
|